000 00920cam a2200205 4500
001 WB3705-03
008 000000n2001 000 0 eng u
035 _a(Sirsi) u110630
245 _aLitigation is changing says DLA
260 _c2001
490 _aContract Journal
_v407(6311) 24 January 2001, 4(1)
520 _aIn October 2000 the courts introduced a Pre-Action Protocol, designed to bring warring parties together and so avoid costly litigation proceedings. This applies to all construction and engineering disputes regardless of size. According to law firm DLA, the culture of litigation is starting to change. The courts now strongly encourage an early and full exchange of information.
590 _aWB
650 _aLITIGATION
650 _aDISPUTE RESOLUTION
_96236
650 _aPRE-ACTION PROTOCOL
650 _aCONSTRUCTION DISPUTES
690 _aBUILDING AND CONSTRUCTION-LAW
942 _n0
999 _c65926
_d65926